| 000 | 00000nam 2200000za 4500 |
| 001 | 9.613099 |
| 003 | CaOODSP |
| 005 | 20250219111403 |
| 007 | ta |
| 008 | 150406|1996||||xxc||||| f|0| 0 eng d |
| 020 | |a0-662-24697-7 |
| 022 | |a1205-1616 |
| 040 | |aCaOODSP|beng |
| 043 | |an-cn--- |
| 086 | 1 |aR71-49/4-1E |
| 110 | 2 |aNorthern River Basins Study (Canada). |
| 245 | 10|aImpacts of flow regulation on the aquatic ecosystem of the Peace and Slave rivers / |cby T. D. Browse and M. Conly. |
| 260 | |aEdmonton - Alberta : |bNorthern River Basins Study |c1996. |
| 300 | |axi, 168p. : |bfigs., graphs, references, tables ; |c28 cm. |
| 490 | 1 |aSynthesis report|x1205-1616|vNo. 1 |
| 500 | |aContents: Ecological effects of flow regulation of large northern rivers.--Biophysical description of the Peace and Slave Rivers.--Aquatic impacts of flow regulation on the Peace-Slave river system: scientific reviews and study results.--Summary conclusions and recommendation.--References. N.B.: Errata sheet inserted. |
| 500 | |aIssued also in electronic format. |
| 563 | |aSoftcover |
| 590 | |a97-06|b1997-02-07 |
| 690 | 07|aWater pollution|2gcpds |
| 720 | 1 |aBrouse, T. D. |
| 720 | 1 |aConly, M. |
| 776 | 0#|tImpacts of flow regulation on the aquatic ecosystem of the Peace and Slave Rivers / |w(CaOODSP)9.945426 |
| 830 | #0|aSynthesis report,|x1205-1616|vNo. 1|w(CaOODSP)9.514882 |